[Event "EU-chT Seniors 65"]
[Site "Terme Catez"]
[Date "2024.05.08"]
[Round "2.1"]
[White "Ivanovic, Bozidar"]
[Black "Robertson, Ian C"]
[Result "1-0"]
[WhiteElo "2392"]
[BlackElo "2051"]
[PlyCount "137"]
[EventDate "2024.05.07"]
[EventType "team-swiss"]
[EventRounds "9"]
[EventCountry "SLO"]
[SourceTitle "CB20_2024"]
[SourceDate "2024.05.16"]
[SourceVersion "1"]
[SourceVersionDate "2024.05.16"]
[SourceQuality "1"]
[WhiteTeam "Montenegro 65"]
[BlackTeam "Scotland 65"]
[WhiteTeamCountry "MNE"]
[BlackTeamCountry "SCO"]

1. e4 e5 2. Nf3 d6 3. d4 exd4 4. Nxd4 Nf6 5. Nc3 Be7 6. Bd3 0-0 7. 0-0 c5 8. Nde2 Nc6 9. Nf4 Ne5 10. Re1 Bd7 11. Bf1 Re8 12. h3 Bf8 13. g3 Bc6 14. Bg2 b5 15. Ncd5 Rc8 16. b3 Nxd5 17. Nxd5 Bxd5 18. Qxd5 Qf6 19. Bf4 Rc7 20. Rad1 h6 21. Bc1 Nf3+ 22. Bxf3 Qxf3 23. Bb2 g5 24. Re3 Qh5 25. g4 Qg6 26. c4 bxc4 27. bxc4 Qe6 28. e5 Qxd5 29. Rxd5 dxe5 30. Rdxe5 Rxe5 31. Bxe5 Rc6 32. Ra3 a6 33. Kg2 Bg7 34. Bg3 Bd4 35. f4 gxf4 36. Bxf4 Kg7 37. Rb3 Re6 38. Kf3 Kg6 39. a4 h5 40. Bc7 hxg4+ 41. hxg4 f5 42. Bf4 fxg4+ 43. Kxg4 Bf6 44. Re3 Rxe3 45. Bxe3 Be7 46. Bf2 Bd6 47. Bh4 Kf7 48. Kf5 Bc7 49. Bf6 Bd6 50. Be5 Bf8 51. Bf4 Ke7 52. Ke5 Kd7 53. Kd5 Be7 54. Be3 Kc7 55. Bxc5 Bh4 56. Bb4 Bf2 57. Ba5+ Kb7 58. Bc3 Bg1 59. Bd4 Bh2 60. c5 Bc7 61. Bc3 a5 62. Be5 Bd8 63. Bf4 Bh4 64. Bd2 Bd8 65. Kd6 Ka6 66. Kd7 Bh4 67. Bf4 Bf2 68. c6 Bb6 69. Bb8 1-0

[Event "WchT Seniors 50"]
[Site "Prague"]
[Date "2020.03.06"]
[Round "1.21"]
[White "Jakel, Wolfgang"]
[Black "Robertson, Ian C"]
[Result "1-0"]
[WhiteElo "2260"]
[BlackElo "2107"]
[PlyCount "51"]
[EventDate "2020.03.06"]
[EventType "team-swiss"]
[EventRounds "7"]
[EventCountry "CZE"]
[SourceTitle "CBM 195 Extra"]
[Source "ChessBase"]
[SourceDate "2020.05.31"]
[SourceVersion "1"]
[SourceVersionDate "2020.05.31"]
[SourceQuality "1"]
[WhiteTeam "Germany 50 V"]
[BlackTeam "Scotland 50 II"]
[WhiteTeamCountry "GER"]
[BlackTeamCountry "SCO"]

1. c4 e6 2. Nc3 d5 3. e3 Nf6 4. Nf3 Be7 5. Be2 0-0 6. 0-0 c5 7. cxd5 Nxd5 8. d4 cxd4 9. Nxd5 Qxd5 10. Nxd4 e5 11. Nf5 Qc5 12. Nxe7+ Qxe7 13. Bd2 Nc6 14. Bb5 Bd7 15. Qh5 a6 16. Ba4 Rac8 17. a3 Rfe8 18. Bc3 Qe6 19. Bc2 h6 20. h3 Na7 21. a4 b5 22. Be4 b4 23. Bd2 a5 24. Rfd1 Qb3 25. Bxb4 Bxa4 26. Bc3 1-0

[Event "Wch Seniors 50 29th"]
[Site "Bucharest"]
[Date "2019.11.22"]
[Round "10"]
[White "Akesson, Ralf"]
[Black "Robertson, Ian C"]
[Result "1-0"]
[WhiteElo "2376"]
[BlackElo "2062"]
[PlyCount "101"]
[EventDate "2019.11.12"]
[EventType "swiss"]
[EventRounds "11"]
[EventCountry "ROU"]
[SourceTitle "CBM 193 Extra"]
[Source "ChessBase"]
[SourceDate "2020.01.31"]
[SourceVersion "1"]
[SourceVersionDate "2020.01.31"]
[SourceQuality "1"]

1. d4 d6 2. Nf3 Bg4 3. e4 Nf6 4. Nbd2 e5 5. c3 exd4 6. cxd4 c6 7. Bd3 Be7 8. 0-0 0-0 9. Re1 Bh5 10. Nf1 Nbd7 11. Ng3 Bg6 12. Nh4 Re8 13. Nhf5 Bf8 14. Bf4 Nb6 15. Qf3 Qd7 16. Bg5 Qe6 17. h4 Nfd7 18. h5 Bxf5 19. Nxf5 h6 20. Bf4 d5 21. e5 c5 22. Re3 Nc4 23. Re2 cxd4 24. Rae1 Nc5 25. Nxd4 Qd7 26. Bf5 Ne6 27. Qg4 Kh8 28. b3 Nb6 29. Re3 Bc5 30. Rd1 Bxd4 31. Rxd4 Qe7 32. Rg3 Rg8 33. Rd1 Qb4 34. Rf3 Nd4 35. Re3 Ne6 36. Bg3 Qxg4 37. Bxg4 Rac8 38. a4 a5 39. Rf3 Rc7 40. Rxf7 Rxf7 41. Bxe6 Rc7 42. Bxg8 Kxg8 43. Rd3 Rc1+ 44. Kh2 Kf7 45. f4 Ke6 46. Bf2 Nc8 47. g4 Ne7 48. Bg3 Rc5 49. f5+ Kf7 50. e6+ Ke8 51. Be5 1-0

[Event "Wch Seniors 50 29th"]
[Site "Bucharest"]
[Date "2019.11.18"]
[Round "6"]
[White "Vareille, Francois"]
[Black "Robertson, Ian C"]
[Result "1-0"]
[WhiteElo "2417"]
[BlackElo "2062"]
[PlyCount "73"]
[EventDate "2019.11.12"]
[EventType "swiss"]
[EventRounds "11"]
[EventCountry "ROU"]
[SourceTitle "CBM 193 Extra"]
[Source "ChessBase"]
[SourceDate "2020.01.31"]
[SourceVersion "1"]
[SourceVersionDate "2020.01.31"]
[SourceQuality "1"]

1. d4 d6 2. Nf3 Bg4 3. e4 Nf6 4. h3 Bh5 5. Nc3 e6 6. Qe2 Bxf3 7. Qxf3 c6 8. e5 dxe5 9. dxe5 Nd5 10. Bd2 Nd7 11. Qg3 Qc7 12. f4 Nxc3 13. Bxc3 g6 14. Be2 Qb6 15. 0-0-0 Be7 16. Qf3 0-0-0 17. g4 Nc5 18. b3 Na4 19. Ba1 Nc5 20. f5 Rxd1+ 21. Rxd1 Bg5+ 22. Kb1 Rd8 23. Bc4 Rxd1+ 24. Qxd1 Qd8 25. Qxd8+ Kxd8 26. Bd4 b6 27. a4 gxf5 28. gxf5 exf5 29. Bxf7 Ke7 30. Bg8 Ne6 31. Bf2 Nf8 32. a5 c5 33. b4 cxb4 34. Bxb6 Nd7 35. Bxa7 Bf4 36. a6 Bxe5 37. Bc5+ 1-0

[Event "Wch Seniors 50 29th"]
[Site "Bucharest"]
[Date "2019.11.14"]
[Round "3"]
[White "Robertson, Ian C"]
[Black "Mantovani, Renzo"]
[Result "1/2-1/2"]
[WhiteElo "2062"]
[BlackElo "2301"]
[PlyCount "45"]
[EventDate "2019.11.12"]
[EventType "swiss"]
[EventRounds "11"]
[EventCountry "ROU"]
[SourceTitle "CBM 193 Extra"]
[Source "ChessBase"]
[SourceDate "2020.01.31"]
[SourceVersion "1"]
[SourceVersionDate "2020.01.31"]
[SourceQuality "1"]

1. e4 g6 2. d4 Bg7 3. Nc3 d6 4. Nf3 Nf6 5. h3 0-0 6. Be3 c6 7. Qd2 b5 8. Bd3 Nbd7 9. Bh6 e5 10. Bxg7 Kxg7 11. dxe5 dxe5 12. Ne2 Nc5 13. 0-0-0 Be6 14. Qe3 Nxd3+ 15. Rxd3 Qc7 16. Ng3 Rfd8 17. Rhd1 Rxd3 18. Rxd3 h6 19. Qc5 Qb6 20. Qxb6 axb6 21. Nxe5 Rxa2 22. Kb1 c5 23. Rd6 1/2-1/2

[Event "EU-ch Seniors 50 19th"]
[Site "Rhodes"]
[Date "2019.04.14"]
[Round "9"]
[White "Mednikova, Svetlana"]
[Black "Robertson, Ian C"]
[Result "1-0"]
[WhiteElo "2094"]
[BlackElo "2045"]
[PlyCount "143"]
[EventDate "2019.04.06"]
[EventType "swiss"]
[EventRounds "9"]
[EventCountry "GRE"]
[SourceTitle "CBM 189 Extra"]
[Source "ChessBase"]
[SourceDate "2019.06.03"]
[SourceVersion "1"]
[SourceVersionDate "2019.06.03"]
[SourceQuality "1"]

1. e4 e6 2. d4 d5 3. Nc3 h6 4. Nf3 Nf6 5. Bd3 Bb4 6. exd5 exd5 7. 0-0 0-0 8. a3 Bd6 9. Nb5 Nc6 10. Nxd6 Qxd6 11. h3 Ne4 12. c4 Bf5 13. Be3 dxc4 14. Bxc4 Nf6 15. Rc1 Be4 16. b4 a5 17. d5 Ne7 18. Bc5 Qd8 19. d6 cxd6 20. Qxd6 Qxd6 21. Bxd6 Rfe8 22. Nd4 axb4 23. axb4 Nf5 24. Nxf5 Bxf5 25. Rfe1 Ne4 26. Bf4 g5 27. Be3 Nd6 28. Bd5 Be4 29. Red1 Rac8 30. Bxe4 Rxc1 31. Rxc1 Rxe4 32. Rd1 Nf5 33. Rd8+ Kg7 34. Bc5 Re1+ 35. Kh2 Ne7 36. Rd7 Nc6 37. Rxb7 Rb1 38. Rb6 Nd8 39. Bd4+ Kh7 40. Bf6 Ne6 41. h4 Kg6 42. hxg5 hxg5 43. Bd4 Kf5 44. Rb5+ Ke4 45. Bf6 Kd3 46. Bxg5 Kc4 47. Rf5 Rxb4 48. Be7 Rb7 49. Rxf7 Kd5 50. g4 Nd4 51. Rg7 Ke4 52. Bf8 Rb1 53. Kg2 Ne6 54. Re7 Kd5 55. Bh6 Rb8 56. Be3 Rg8 57. f3 Nd8 58. Kg3 Nc6 59. Rd7+ Ke6 60. Rb7 Ne7 61. Bf4 Nf5+ 62. Kf2 Nd4 63. Rb8 Rxb8 64. Bxb8 Kf6 65. f4 Nc6 66. Bc7 Nb4 67. Be5+ Ke6 68. Ke3 Nd5+ 69. Ke4 Ne7 70. f5+ Kf7 71. g5 Kg8 72. g6 1-0

[Event "EU-ch Seniors 50 19th"]
[Site "Rhodes"]
[Date "2019.04.13"]
[Round "8"]
[White "Robertson, Ian C"]
[Black "Fritsch, Rolf"]
[Result "1/2-1/2"]
[WhiteElo "2045"]
[BlackElo "2155"]
[PlyCount "29"]
[EventDate "2019.04.06"]
[EventType "swiss"]
[EventRounds "9"]
[EventCountry "GRE"]
[SourceTitle "CBM 189 Extra"]
[Source "ChessBase"]
[SourceDate "2019.06.03"]
[SourceVersion "1"]
[SourceVersionDate "2019.06.03"]
[SourceQuality "1"]

1. e4 g6 2. d4 Bg7 3. Nf3 d6 4. Be2 Nf6 5. e5 dxe5 6. Nxe5 0-0 7. 0-0 Nbd7 8. Nxd7 Bxd7 9. c3 Re8 10. Na3 e5 11. dxe5 Rxe5 12. Bf3 Qc8 13. Qb3 Rb8 14. Bf4 Re7 15. Nb5 1/2-1/2

[Event "EU-ch Seniors 50 19th"]
[Site "Rhodes"]
[Date "2019.04.10"]
[Round "5"]
[White "Mottonen, Ari"]
[Black "Robertson, Ian C"]
[Result "1/2-1/2"]
[WhiteElo "1934"]
[BlackElo "2045"]
[PlyCount "66"]
[EventDate "2019.04.06"]
[EventType "swiss"]
[EventRounds "9"]
[EventCountry "GRE"]
[SourceTitle "CBM 189 Extra"]
[Source "ChessBase"]
[SourceDate "2019.06.03"]
[SourceVersion "1"]
[SourceVersionDate "2019.06.03"]
[SourceQuality "1"]

1. Nf3 d5 2. g3 Nf6 3. Bg2 e6 4. 0-0 Be7 5. d4 0-0 6. c4 c6 7. Qc2 Nbd7 8. b3 b6 9. Bf4 Ba6 10. Nbd2 Rc8 11. Qb2 Nh5 12. Rac1 Nxf4 13. gxf4 Bd6 14. e3 Qe7 15. Qb1 f6 16. Rfd1 e5 17. cxd5 cxd5 18. dxe5 fxe5 19. Rxc8 Bxc8 20. Ng5 e4 21. Nf1 Nf6 22. f3 h6 23. fxe4 hxg5 24. e5 Bxe5 25. fxe5 Qxe5 26. Qd3 Be6 27. Qd4 Qxd4 28. Rxd4 Rc8 29. Rd2 Rc1 30. Kf2 Kf8 31. Bf3 Ke7 32. Ng3 g4 33. Bg2 Ra1 1/2-1/2

[Event "EU-ch Seniors 50 19th"]
[Site "Rhodes"]
[Date "2019.04.09"]
[Round "4"]
[White "Robertson, Ian C"]
[Black "Gemmell, Peter"]
[Result "1/2-1/2"]
[WhiteElo "2045"]
[BlackElo "2305"]
[PlyCount "129"]
[EventDate "2019.04.06"]
[EventType "swiss"]
[EventRounds "9"]
[EventCountry "GRE"]
[SourceTitle "CBM 189 Extra"]
[Source "ChessBase"]
[SourceDate "2019.06.03"]
[SourceVersion "1"]
[SourceVersionDate "2019.06.03"]
[SourceQuality "1"]

1. e4 c5 2. Nf3 g6 3. d4 cxd4 4. Nxd4 Nc6 5. Nc3 Bg7 6. Be3 Nf6 7. Nb3 0-0 8. Be2 a5 9. Nd5 Nxd5 10. exd5 a4 11. dxc6 axb3 12. axb3 Rxa1 13. Qxa1 bxc6 14. 0-0 d5 15. Bc5 Re8 16. b4 e5 17. Qa8 Bd7 18. Qxd8 Rxd8 19. Ra1 Bf5 20. Bd1 h5 21. Ra6 Rc8 22. Kf1 d4 23. Ke1 Be6 24. Bf3 Bd7 25. Ra7 Bf5 26. Kd1 e4 27. Be2 d3 28. cxd3 exd3 29. Bf3 Bxb2 30. Ra6 Bc3 31. Ra3 Bf6 32. Ra6 Bc3 33. Ra3 Be5 34. g3 Kg7 35. Ra6 Bc3 36. Ra3 Bf6 37. Ra6 Bg5 38. Bd4+ Kg8 39. Rxc6 Rxc6 40. Bxc6 Bg4+ 41. f3 Be6 42. f4 Be7 43. Bc5 Bd8 44. Kd2 g5 45. fxg5 Bxg5+ 46. Kxd3 h4 47. Bd6 hxg3 48. hxg3 Bd8 49. Bf3 Bb6 50. Bc5 Bc7 51. g4 f5 52. gxf5 Bxf5+ 53. Kd4 Bd7 54. Kd5 Bg3 55. Bd6 Be1 56. Be2 Bxb4 57. Bxb4 Bf5 58. Ke5 Bb1 59. Kf6 Kh7 60. Bf8 Bc2 61. Bc4 Bb1 62. Bf7 Bc2 63. Bc5 Bb1 64. Be3 Bc2 65. Be6 1/2-1/2

[Event "EU-ch Seniors 50 19th"]
[Site "Rhodes"]
[Date "2019.04.08"]
[Round "3"]
[White "Ernst, Michael"]
[Black "Robertson, Ian C"]
[Result "1/2-1/2"]
[WhiteElo "2184"]
[BlackElo "2045"]
[PlyCount "83"]
[EventDate "2019.04.06"]
[EventType "swiss"]
[EventRounds "9"]
[EventCountry "GRE"]
[SourceTitle "CBM 189 Extra"]
[Source "ChessBase"]
[SourceDate "2019.06.03"]
[SourceVersion "1"]
[SourceVersionDate "2019.06.03"]
[SourceQuality "1"]

1. d4 d5 2. Bf4 e6 3. e3 Nf6 4. Nd2 Be7 5. h3 0-0 6. Ngf3 b6 7. Bd3 Bb7 8. 0-0 Nbd7 9. Ne5 Ne4 10. f3 Nxd2 11. Qxd2 Nxe5 12. Bxe5 Bd6 13. f4 f6 14. Bxd6 Qxd6 15. c3 e5 16. Qf2 e4 17. Be2 c5 18. dxc5 bxc5 19. Rfd1 Qb6 20. c4 dxc4 21. Bxc4+ Kh8 22. Rd7 Rad8 23. Rad1 Bc8 24. Rxd8 Rxd8 25. Qc2 Bb7 26. Rd2 g6 27. Qd1 Rxd2 28. Qxd2 Qc7 29. Bb3 Kg7 30. Qc2 Qd6 31. Qc4 Qe7 32. Qg8+ Kh6 33. Bd5 Bxd5 34. Qxd5 g5 35. f5 g4 36. Kf2 gxh3 37. gxh3 Kg5 38. b3 Qe5 39. Qg8+ Kh6 40. Qf8+ Kh5 41. Qf7+ Kh6 42. Qf8+ 1/2-1/2

[Event "EU-chT Seniors 50"]
[Site "Walbrzych"]
[Date "2018.04.22"]
[Round "9.1"]
[White "Garcia Palermo, Carlos H"]
[Black "Robertson, Ian C"]
[Result "1-0"]
[WhiteElo "2404"]
[BlackElo "2038"]
[PlyCount "73"]
[EventDate "2018.04.14"]
[EventType "team-swiss"]
[EventRounds "9"]
[EventCountry "POL"]
[SourceTitle "CBM 184 Extra"]
[Source "ChessBase"]
[SourceDate "2018.06.28"]
[SourceVersion "1"]
[SourceVersionDate "2018.06.28"]
[SourceQuality "1"]
[WhiteTeam "Italy 50"]
[BlackTeam "Scotland 50"]
[WhiteTeamCountry "ITA"]
[BlackTeamCountry "SCO"]

1. d4 d6 2. g3 Nf6 3. Nf3 Nbd7 4. Bg2 e5 5. c4 Be7 6. Nc3 0-0 7. 0-0 c6 8. Qc2 Qc7 9. b3 Rb8 10. Ba3 Re8 11. Rac1 Bf8 12. e3 b5 13. dxe5 dxe5 14. Bxf8 Nxf8 15. cxb5 cxb5 16. Nd5 Qxc2 17. Nxf6+ gxf6 18. Rxc2 Rb6 19. Rfc1 Bf5 20. Rc7 Ra6 21. Nh4 Be6 22. R1c2 Rd8 23. Bf3 Ra3 24. Be2 Rb8 25. R7c5 Bd7 26. Bf3 Rb6 27. Rd2 a5 28. Rc7 Be6 29. Rd8 Kg7 30. g4 Rxa2 31. Nf5+ Bxf5 32. gxf5 a4 33. bxa4 Ra1+ 34. Kg2 bxa4 35. Bd5 Rd1 36. Rxf7+ Kh6 37. Rfxf8 1-0

[Event "EU-chT Seniors 50"]
[Site "Walbrzych"]
[Date "2018.04.21"]
[Round "8.1"]
[White "Robertson, Ian C"]
[Black "Lewis, Andrew P"]
[Result "1/2-1/2"]
[WhiteElo "2038"]
[BlackElo "2279"]
[PlyCount "130"]
[EventDate "2018.04.14"]
[EventType "team-swiss"]
[EventRounds "9"]
[EventCountry "POL"]
[SourceTitle "CBM 184 Extra"]
[Source "ChessBase"]
[SourceDate "2018.06.28"]
[SourceVersion "1"]
[SourceVersionDate "2018.06.28"]
[SourceQuality "1"]
[WhiteTeam "Scotland 50"]
[BlackTeam "England 50"]
[WhiteTeamCountry "SCO"]
[BlackTeamCountry "ENG"]

1. d4 Nf6 2. Nf3 g6 3. Nbd2 Bg7 4. e4 d6 5. Be2 0-0 6. 0-0 c5 7. dxc5 dxc5 8. c3 Nc6 9. Re1 Qc7 10. Qc2 b6 11. Rb1 Bb7 12. b4 cxb4 13. cxb4 Rac8 14. Qa4 a6 15. Bxa6 Ra8 16. b5 Nb8 17. Qc4 Nxa6 18. bxa6 Qxc4 19. Nxc4 Bxe4 20. Rxb6 Rfc8 21. Rxf6 Rxc4 22. Rb6 Bxf3 23. gxf3 Bd4 24. Rb7 Rc2 25. Be3 Bxe3 26. Rxe3 Rxa6 27. Rexe7 Rf6 28. Kg2 Rxa2 29. Ra7 Rb2 30. Rab7 Rxb7 31. Rxb7 Kg7 32. Kg3 Rf5 33. f4 Ra5 34. Rc7 Ra3+ 35. Kg2 Kf6 36. Rb7 h5 37. Rc7 Ke6 38. Rb7 f6 39. Rb5 Rd3 40. f5+ gxf5 41. Rb7 f4 42. Rb5 Rd5 43. Rb8 Kf5 44. Rb3 Kg4 45. Ra3 Rg5 46. Rb3 Kh4+ 47. Kf1 Rf5 48. Rf3 Kg4 49. Kg2 Rg5 50. Rb3 Kh4+ 51. Kf1 Rd5 52. Kg2 Kg4 53. Ra3 Rd1 54. h3+ Kh4 55. Ra4 Kg5 56. Ra5+ f5 57. Ra3 Rd4 58. Rb3 Kh4 59. Ra3 Rd8 60. Rf3 Rg8+ 61. Kf1 Kg5 62. Rb3 Kf6 63. Rb6+ Ke5 64. Rb5+ Ke4 65. Rb4+ Ke5 1/2-1/2

[Event "EU-chT Seniors 50"]
[Site "Walbrzych"]
[Date "2018.04.15"]
[Round "2.1"]
[White "Tuomala, Timo"]
[Black "Robertson, Ian C"]
[Result "1-0"]
[WhiteElo "2197"]
[BlackElo "2038"]
[PlyCount "43"]
[EventDate "2018.04.14"]
[EventType "team-swiss"]
[EventRounds "9"]
[EventCountry "POL"]
[SourceTitle "CBM 184 Extra"]
[Source "ChessBase"]
[SourceDate "2018.06.28"]
[SourceVersion "1"]
[SourceVersionDate "2018.06.28"]
[SourceQuality "1"]
[WhiteTeam "Finland Culture Chess 50"]
[BlackTeam "Scotland 50"]
[WhiteTeamCountry "FIN"]
[BlackTeamCountry "SCO"]

1. Nf3 d6 2. d4 Bg4 3. g3 Qc8 4. h3 Bf5 5. Bg2 Nf6 6. c4 Na6 7. Nc3 g6 8. Nh4 Bd7 9. e4 Bg7 10. Be3 Ng8 11. f4 c5 12. d5 Nc7 13. a4 a6 14. Nf3 b5 15. e5 bxc4 16. Nd2 Qb7 17. Nxc4 Qb4 18. Qe2 dxe5 19. fxe5 Rb8 20. 0-0 Nh6 21. d6 Ne6 22. Nd5 1-0

[Event "WchT Seniors 50"]
[Site "Hersonissos"]
[Date "2017.04.30"]
[Round "7.3"]
[White "Robertson, Ian C"]
[Black "Dunn, Andrew"]
[Result "1-0"]
[WhiteElo "2053"]
[BlackElo "2190"]
[PlyCount "83"]
[EventDate "2017.04.24"]
[EventType "team-swiss"]
[EventRounds "9"]
[EventCountry "GRE"]
[SourceTitle "CBM 178 Extra"]
[Source "ChessBase"]
[SourceDate "2017.06.22"]
[SourceVersion "1"]
[SourceVersionDate "2017.06.22"]
[SourceQuality "1"]
[WhiteTeam "Scotland"]
[BlackTeam "England II"]
[WhiteTeamCountry "SCO"]
[BlackTeamCountry "ENG"]

1. e4 d5 2. exd5 Qxd5 3. Nf3 Bg4 4. Be2 Nc6 5. d4 e6 6. h3 Bh5 7. 0-0 0-0-0 8. Be3 Nf6 9. Nbd2 h6 10. c4 Qd7 11. a3 g5 12. b4 g4 13. Ne5 Nxe5 14. dxe5 gxh3 15. Bxh5 hxg2 16. Re1 Nxh5 17. Qxh5 Rh7 18. Ne4 Be7 19. Rad1 Qa4 20. Rxd8+ Bxd8 21. Nc5 Qxa3 22. Qf3 Qxb4 23. Rd1 Be7 24. Qe4 Rh8 25. Rb1 Bxc5 26. Rxb4 Bxb4 27. c5 a5 28. Qf4 Rf8 29. Qxh6 Rd8 30. Qf4 Rd7 31. Kxg2 c6 32. Kf3 Bc3 33. Kg4 Kb8 34. Kg5 Ka7 35. Kf6 Bb4 36. Qc4 Kb8 37. Bh6 Rd5 38. Bf8 b5 39. cxb6 Bxf8 40. Qxc6 Rc5 41. Qe8+ Rc8 42. Qxf7 1-0

[Event "WchT Seniors 50"]
[Site "Hersonissos"]
[Date "2017.04.27"]
[Round "4.3"]
[White "Kivimaki, Jaakko"]
[Black "Robertson, Ian C"]
[Result "1-0"]
[WhiteElo "2135"]
[BlackElo "2053"]
[PlyCount "67"]
[EventDate "2017.04.24"]
[EventType "team-swiss"]
[EventRounds "9"]
[EventCountry "GRE"]
[SourceTitle "CBM 178 Extra"]
[Source "ChessBase"]
[SourceDate "2017.06.22"]
[SourceVersion "1"]
[SourceVersionDate "2017.06.22"]
[SourceQuality "1"]
[WhiteTeam "Finland"]
[BlackTeam "Scotland"]
[WhiteTeamCountry "FIN"]
[BlackTeamCountry "SCO"]

1. d4 d6 2. e4 Nf6 3. Nc3 e5 4. dxe5 dxe5 5. Qxd8+ Kxd8 6. Bg5 Be6 7. 0-0-0+ Kc8 8. Nf3 Nbd7 9. Bh4 h6 10. Bg3 Bb4 11. Nd5 Bd6 12. Nxf6 Nxf6 13. Bd3 Nd7 14. Bb5 f6 15. Nh4 a6 16. Be2 h5 17. f3 Bc5 18. Kb1 c6 19. f4 exf4 20. Ng6 Re8 21. Nxf4 Bg4 22. Bxg4 hxg4 23. h3 gxh3 24. Rxh3 Ne5 25. Rh7 Bf8 26. Nh5 Re7 27. Nf4 b6 28. Nd3 Nxd3 29. Rxd3 Rd7 30. e5 Rxd3 31. cxd3 fxe5 32. Bxe5 Ra7 33. Rh8 Rf7 34. Bd6 1-0

[Event "Jersey op"]
[Site "St Clement Bay"]
[Date "2017.04.03"]
[Round "4"]
[White "Webster, Jim J"]
[Black "Robertson, Ian C"]
[Result "1/2-1/2"]
[WhiteElo "1807"]
[BlackElo "2053"]
[PlyCount "28"]
[EventDate "2017.04.01"]
[EventType "swiss"]
[EventRounds "9"]
[EventCountry "GCI"]
[SourceTitle "CBM 177 Extra"]
[Source "ChessBase"]
[SourceDate "2017.04.27"]
[SourceVersion "1"]
[SourceVersionDate "2017.04.27"]
[SourceQuality "1"]

1. d4 d6 2. c4 e5 3. Nc3 exd4 4. Qxd4 Nc6 5. Qd1 g6 6. Nf3 Bg7 7. g3 Nge7 8. Bd2 0-0 9. Bg2 Bg4 10. 0-0 Qd7 11. Re1 Rfe8 12. Qc1 Bxf3 13. exf3 Ne5 14. Qc2 Nxc4 1/2-1/2

[Event "Wch Seniors 50 26th"]
[Site "Marianske Lazne"]
[Date "2016.11.28"]
[Round "9"]
[White "Robertson, Ian C"]
[Black "Vlcek, Antonin"]
[Result "1-0"]
[WhiteElo "2127"]
[BlackElo "1798"]
[PlyCount "59"]
[EventDate "2016.11.19"]
[EventType "swiss"]
[EventRounds "11"]
[EventCountry "CZE"]
[SourceTitle "CBM 175 Extra"]
[Source "ChessBase"]
[SourceDate "2016.12.12"]
[SourceVersion "1"]
[SourceVersionDate "2016.12.12"]
[SourceQuality "1"]

1. e4 e5 2. Bc4 Nc6 3. d3 Nf6 4. Nf3 Bc5 5. 0-0 d6 6. c3 Bg4 7. b4 Bb6 8. a4 a6 9. Nbd2 0-0 10. Re1 Qd7 11. a5 Ba7 12. b5 Nxa5 13. Rxa5 axb5 14. Rxb5 c6 15. Rb1 b5 16. Bb3 Bb6 17. Nf1 Qa7 18. Be3 c5 19. Ng3 g6 20. h3 Bh5 21. Nxh5 Nxh5 22. Bd5 Rab8 23. Rxb5 Ba5 24. Rxb8 Qxb8 25. Qa1 Bd8 26. Rb1 Qc8 27. Bh6 Re8 28. Qa2 Qd7 29. Rb7 Bc7 30. Bxf7+ 1-0

[Event "Wch Seniors 50 26th"]
[Site "Marianske Lazne"]
[Date "2016.11.23"]
[Round "5"]
[White "Robertson, Ian C"]
[Black "Sladek, Jaroslav"]
[Result "0-1"]
[WhiteElo "2127"]
[BlackElo "1881"]
[PlyCount "40"]
[EventDate "2016.11.19"]
[EventType "swiss"]
[EventRounds "11"]
[EventCountry "CZE"]
[SourceTitle "CBM 175 Extra"]
[Source "ChessBase"]
[SourceDate "2016.12.12"]
[SourceVersion "1"]
[SourceVersionDate "2016.12.12"]
[SourceQuality "1"]

1. d4 d5 2. Nf3 Bf5 3. e3 c6 4. c4 e6 5. Nc3 Nd7 6. Be2 h6 7. 0-0 Ngf6 8. a3 Bd6 9. Nd2 Ne4 10. Ndxe4 dxe4 11. f3 Qh4 12. f4 h5 13. Bd2 Qe7 14. Qc2 Nf6 15. b4 g5 16. fxg5 Bxh2+ 17. Kxh2 Ng4+ 18. Bxg4 hxg4+ 19. Kg3 Qxg5 20. Rh1 Rh3+ 0-1

[Event "Wch Seniors 50 26th"]
[Site "Marianske Lazne"]
[Date "2016.11.21"]
[Round "3"]
[White "Robertson, Ian C"]
[Black "Koblasa, Josef"]
[Result "1/2-1/2"]
[WhiteElo "2127"]
[BlackElo "1896"]
[PlyCount "103"]
[EventDate "2016.11.19"]
[EventType "swiss"]
[EventRounds "11"]
[EventCountry "CZE"]
[SourceTitle "CBM 175 Extra"]
[Source "ChessBase"]
[SourceDate "2016.12.12"]
[SourceVersion "1"]
[SourceVersionDate "2016.12.12"]
[SourceQuality "1"]

1. e4 d6 2. d4 Nf6 3. Nc3 g6 4. f4 Bg7 5. e5 dxe5 6. dxe5 Qxd1+ 7. Kxd1 Bg4+ 8. Ke1 Nfd7 9. Nd5 Kd8 10. Ne3 Be6 11. Nf3 Nc6 12. Bb5 Nb6 13. Bxc6 bxc6 14. Ng5 h6 15. Nxe6+ fxe6 16. h4 Nd5 17. g3 g5 18. hxg5 hxg5 19. Rxh8+ Bxh8 20. Ng4 gxf4 21. Bxf4 Nxf4 22. gxf4 Rb8 23. b3 Rb4 24. c4 a5 25. Kd2 Ke8 26. Rg1 Bg7 27. Nf2 Kf7 28. Nd3 Rb8 29. Kc3 Ra8 30. a4 Rb8 31. b4 Ra8 32. bxa5 Rxa5 33. Kb4 Ra6 34. a5 Bh6 35. Nc5 Ra7 36. a6 Ra8 37. Ka5 Bf8 38. Rb1 Bh6 39. Nd3 Kg6 40. Rb7 Kf5 41. a7 Bxf4 42. Ka6 Be3 43. Nb4 Rxa7+ 44. Rxa7 Bxa7 45. Kxa7 Kxe5 46. Nxc6+ Kd6 47. Kb7 e5 48. c5+ Kxc5 49. Nxe5 Kd5 50. Nc6 Kd6 51. Nxe7 c5 52. Nc8+ 1/2-1/2

[Event "World Amateur-ch U2300"]
[Site "Chalkidiki"]
[Date "2016.04.20"]
[Round "2"]
[White "Robertson, Ian C"]
[Black "Bognar, Csaba"]
[Result "1/2-1/2"]
[WhiteElo "2146"]
[BlackElo "2217"]
[PlyCount "98"]
[EventDate "2016.04.19"]
[EventType "swiss"]
[EventRounds "9"]
[EventCountry "GRE"]
[SourceTitle "CBM 172 Extra"]
[Source "ChessBase"]
[SourceDate "2016.06.21"]
[SourceVersion "1"]
[SourceVersionDate "2016.06.21"]
[SourceQuality "1"]

1. c4 Nf6 2. Nc3 g6 3. g3 Bg7 4. Bg2 d6 5. e4 e5 6. Nge2 0-0 7. 0-0 c6 8. d3 Nbd7 9. h3 Ne8 10. Be3 f5 11. exf5 gxf5 12. f4 Ndf6 13. fxe5 dxe5 14. d4 exd4 15. Nxd4 Nd6 16. c5 Qe7 17. Qb3+ Kh8 18. Rae1 Nde4 19. Nxf5 Bxf5 20. Rxf5 Nxg3 21. Rf3 Ngh5 22. Bf2 Qc7 23. Qa4 Nd5 24. Nxd5 cxd5 25. Rxf8+ Rxf8 26. Re8 Qf4 27. Rxf8+ Qxf8 28. Bd4 Nf4 29. Bxg7+ Kxg7 30. Qd7+ Kf6 31. b4 Ke5 32. Qxh7 Kd4 33. Qc2 Nd3 34. Bxd5 Qg7+ 35. Bg2 Ke3 36. Qd1 Qg3 37. Qb3 Qf2+ 38. Kh1 Kd2 39. Qd5 Kc3 40. Qf3 Qxf3 41. Bxf3 Kxb4 42. Bxb7 Kxc5 43. Kg2 Nb4 44. a4 a5 45. Kf3 Nd3 46. h4 Kd6 47. Kg4 Ke7 48. Kg5 Kf8 49. Bd5 Kg7 1/2-1/2